Gestión en salud. (Registro nro. 453)

Detalles MARC
000 -LEADER
fixed length control field 01150 am a2200277 a 4500
005 - FECHA ULTIMA MODIFICACION
control field 20240223091550.0
008 - CAMPO DE CONTROL (LIBRO)
fixed length control field 100630s2001||||ag # f 001 0 spa d
020 ## - INTERNATIONAL STANDARD BOOK NUMBER
ISBN 9508921323
041 ## - CODIGO DE IDIOMA
Código de idioma del texto/pista de sonido o título separado spa
092 ## - SIGNATURA TOPOGRAFICA DEWEY LOCAL
número de clasificación 614.072
libristica 95
sección WAG
100 1# - ENTRADA PRINCIPAL--NOMBRE PERSONAL
Nombre personal Wagner de Sousa Campos, Gastão.
9 (RLIN) 1117
245 ## - TITULO PROPIAMENTE DICHO
Título Gestión en salud.
Subtítulo y Título paralelo En defensa de la vida /
Mención de responsabilidad y remanente de la transcripción de la portada Gastão Wagner de Sousa Campos.
250 ## - MENCION DE EDICION
Mención de edición 1a ed.
Mención de responsabilidad relacionada con la ed. Traducción Asia Selvín Testa.
260 ## - PIE DE IMPRENTA
Lugar de publicación, distribución, etc Buenos Aires:
Nombre de la editorial, distribuidor, etc Lugar Editorial;
Fecha de publicación 2001.
300 ## - DESCRIPCION FISICA
Extension 253 p.
500 ## - NOTA GENERAL
Nota general Wagner de Sousa Campos, G. (2001). Gestión en salud. En defensa de la vida. (1a ed.). Buenos Aires : Lugar Editorial.
590 ## - NOTAS LOCALES (RLIN)
Nota local Donación Editorial Lugar, Nov. 2005
653 ## - TÉRMINO INDIZADO - PALABRAS CLAVES
Palabra clave Etica y trabajadores de la salud
653 ## - TÉRMINO INDIZADO - PALABRAS CLAVES
Palabra clave Clínica reformulada y ampliada
653 ## - TÉRMINO INDIZADO - PALABRAS CLAVES
Palabra clave Subjetividad y administración del personal: consideraciones sobre el trabajo en los equipos de salud
653 ## - TÉRMINO INDIZADO - PALABRAS CLAVES
Palabra clave Equipo de referencia y apoyo especializado matricial
653 ## - TÉRMINO INDIZADO - PALABRAS CLAVES
Palabra clave Salud pública y salud colectiva
653 ## - TÉRMINO INDIZADO - PALABRAS CLAVES
Palabra clave Coproducción de sujetos y de grupos colectivos: la función PAIDEIA
930 ## - NUMERO DE INVENTARIO
Número de inventario 1364
942 ## - ADDED ENTRY ELEMENTS (KOHA)
Source of classification or shelving scheme Dewey Decimal Classification
Item type Libros
Existencias
Estado de retiro Existencia Estado general No para prestamo Ubicación permanente ubicación actual Sala de ubicación Fecha de adquisición Total Checkouts Total Renewals Número de clasificación Código de barras Date last seen Date last borrowed Número de ejemplar Price effective from Koha tipo de elemento (item)
        Biblioteca Medicina Biblioteca Medicina Circulación 13/05/2011 1 1 614.072 95 WAG 1364 06/11/2014 05/03/2014 ej.1 13/05/2011 Libros

UNIVERSIDAD NACIONAL DEL COMAHUE
Biblioteca de la Facultad de Ciencias Médicas
Sede Toschi: Los Arrayanes y Av. Toschi, Cipolletti  - Rio Negro
Sede Los Tordos:  Yrigoyen al 2211, Cipolletti - Rio Negro 

Teléfono: 0299 - 4774707 int 25
Contacto: biblioteca@facimed.uncoma.edu.ar
© 2011 - 2026